Najwcześniejsze udomowienie zwierząt - Statystyki

Ogólne statystyki
  • Ten quiz został rozwiązany 1 295 razy
  • Średni wynik to 8 z 15
Statystyki odpowiedzi
Gdy Udomowione zwierzę % Poprawnych
8000 - 7500 p.n.e Kot
99%
13000 p.n.e Pies
99%
8000 p.n.e Bydło
86%
3500 p.n.e Koń
82%
9000 p.n.e świnia
76%
6000 p.n.e Kura
74%
9000 - 8500 p.n.e Owca
67%
10000 p.n.e Koza
58%
4000 p.n.e kaczka
43%
5000 p.n.e Osioł
41%
4000 p.n.e Wielbłąd
24%
5000 p.n.e świnka morska
22%
4000 p.n.e Wół domowy
18%
8000 p.n.e Zebu
5%
4000 p.n.e Pszczoła miodna
4%
Nie znaleziono quizów pasujących do podanych kryteriów
Rozkład punktacji
Procent ludzi z każdym wynikiem
Percentyl według liczby udzielonych odpowiedzi
Twoja historia wyników
Nie rozwiązałeś tego quizu